00708nam a22002291 450000100060000000300080000600500170001400800410003103500190007204000320009104100080012308200220013124500790015325000120023226000390024430000320028350400510031565000330036665000330039965000270043270000190045934720BD-RjUL20211209052212.0140518s1968 nyua b 001 0 eng d a(BD-RjUL)34814 aDLCcDLCdDLCdBD-RjULbeng aeng00a301.435bOLD 196800aOld people in three industrial societies /cby Ethel Shanas ... [et. al.]. a1st ed. aNew York :bAtherton Press,c1968. ax, 478 p. :bill. ;c25 cm. aIncludes bibliographical references and index. 0aOlder peoplezUnited States. 0aOlder peoplezGreat Britain. 0aOlder peoplezDenmark.1 aShanas, Ethel.